| 000 | 01781nam a2200541 i 4500 | ||
|---|---|---|---|
| 001 | 6546 | ||
| 003 | KOSZ 005 | ||
| 005 | 20191009112156.0 | ||
| 008 | 970510s1994 pl a f |000 0 pol | ||
| 015 | _aPB 1994/4825 | ||
| 020 | _a8301112298 | ||
| 035 | _a991000506619705066 | ||
| 035 | _a(PL-WaBN)b10177516-48omnis_nlop | ||
| 035 | _ab10177516 | ||
| 035 | _a(OCoLC)750019786 | ||
| 035 | _a(PL)b0000001017751 | ||
| 035 | _a(EXLNZ-48OMNIS_NETWORK)9910512877405606 | ||
| 040 |
_aWA N _cWA N _dKOSZ 005/EG |
||
| 041 | _apol | ||
| 046 | _k1994 | ||
| 080 | _a658.5 | ||
| 080 | _a66/69 | ||
| 080 | _a(075.8) | ||
| 100 | 1 |
_aLis, Stanisław _d(1928-2018) _eAutor |
|
| 245 | 1 | 0 |
_aOrganizacja elastycznych systemów produkcyjnych / _cStanisław Lis, Krzysztof Santarek, Stanisław Strzelczak. |
| 260 |
_aWarszawa : _bWydaw. Naukowe PWN, _c1994. |
||
| 300 |
_a275, [1] s. : _brys., wykr. ; _c24 cm. |
||
| 336 |
_2rdacontent _aTekst _btxt |
||
| 337 |
_2rdamedia _aBez urządzenia pośredniczącego _bn |
||
| 338 |
_2rdacarrier _aWolumin _bnc |
||
| 380 | _aKsiążki | ||
| 380 | _aPublikacje dydaktyczne | ||
| 385 |
_mPoziom nauczania _aSzkoły wyższe |
||
| 388 | _a1901-2000 | ||
| 388 | _a1989-2000 | ||
| 504 | _aBibliogr. przy rozdz. | ||
| 650 | 7 |
_aProdukcja _2DBN |
|
| 650 | 7 |
_aAutomatyzacja _2DBN |
|
| 650 | 7 | _aModele matematyczne | |
| 655 | 7 |
_aPodręczniki akademickie _2DBN |
|
| 658 | _aInżynieria i technika | ||
| 700 | 1 |
_aSantarek, Krzysztof _eAutor |
|
| 700 | 1 |
_aStrzelczak, Stanisław _eAutor |
|
| 710 | 2 |
_aWydawnictwo Naukowe PWN _4pbl |
|
| 856 |
_uhttp://koha.tu.koszalin.pl/cgi-bin/koha/opac-detail.pl?biblionumber=6546 _yKatalog online BPK |
||
| 942 |
_2UKD _cKS |
||
| 999 |
_c6546 _d6546 |
||